Pulgar 16/ (Record no. 4063)

MARC details
000 -LEADER
campo de control de longitud fija 00996nam a22002897a 4500
003 - IDENTIFICADOR DE NÚMERO DE CONTROL
campo de control OSt
005 - FECHA Y HORA DE LA ÚLTIMA TRANSACCIÓN
campo de control 20230719134432.0
008 - DATOS DE LONGITUD FIJA--INFORMACIÓN GENERAL
campo de control de longitud fija 221006b |||||||| |||| 00| 0 eng d
040 ## - FUENTE DE CATALOGACIÓN
Centro/agencia transcriptor Biblioteca Lado V
082 ## - NÚMERO DE LA CLASIFICACIÓN DECIMAL DEWEY
Número de clasificación 700
Número de ítem R763p
100 ## - ENTRADA PRINCIPAL--NOMBRE DE PERSONA
9 (RLIN) 903
Nombre de persona Romero, Luis
Término indicativo de función/relación editor
245 ## - MENCIÓN DEL TÍTULO
Título Pulgar 16/
Resto del título Publicación Ocasional/
260 ## - PUBLICACIÓN, DISTRIBUCIÓN, ETC.
Fecha de publicación, distribución, etc. 2004
Nombre del editor, distribuidor, etc. PRINCE CLAUS FOUND
Lugar de publicación, distribución, etc. Venezuela
300 ## - DESCRIPCIÓN FÍSICA
Dimensiones 21.5x27.5cm
Extensión 8p.
490 ## - MENCIÓN DE SERIE
Mención de serie 3
Designación de volumen o secuencia 6
505 ## - NOTA DE CONTENIDO CON FORMATO
Nota de contenido con formato El deslave de Vargas: Tragedia y muerte
505 ## - NOTA DE CONTENIDO CON FORMATO
Nota de contenido con formato La amenaza del "gusano" informático
505 ## - NOTA DE CONTENIDO CON FORMATO
Nota de contenido con formato Cambio de numeracion
505 ## - NOTA DE CONTENIDO CON FORMATO
Nota de contenido con formato Intervencion
650 ## - PUNTO DE ACCESO ADICIONAL DE MATERIA--TÉRMINO DE MATERIA
Fuente del encabezamiento o término Tesauro de Arte & Arquitectura
Término de materia o nombre geográfico como elemento de entrada ARTE
650 ## - PUNTO DE ACCESO ADICIONAL DE MATERIA--TÉRMINO DE MATERIA
Fuente del encabezamiento o término Tesauro de Arte & Arquitectura
Término de materia o nombre geográfico como elemento de entrada FOTOGRAFIA
9 (RLIN) 702
650 ## - PUNTO DE ACCESO ADICIONAL DE MATERIA--TÉRMINO DE MATERIA
Fuente del encabezamiento o término Tesauro de Arte & Arquitectura
Término de materia o nombre geográfico como elemento de entrada CULTURA
9 (RLIN) 702
650 ## - PUNTO DE ACCESO ADICIONAL DE MATERIA--TÉRMINO DE MATERIA
Fuente del encabezamiento o término Tesauro de Arte & Arquitectura
Término de materia o nombre geográfico como elemento de entrada EXPOSICIONES
650 ## - PUNTO DE ACCESO ADICIONAL DE MATERIA--TÉRMINO DE MATERIA
Fuente del encabezamiento o término Tesauro de Arte & Arquitectura
Término de materia o nombre geográfico como elemento de entrada ESPAÑOL
710 ## - ENTRADA AGREGADA--NOMBRE DE ENTIDAD CORPORATIVA
Nombre de entidad corporativa o nombre de jurisdicción como elemento de entrada Fundación LA LLAMA
Término indicativo de función/relación editor
942 ## - ELEMENTOS DE ENTRADA SECUNDARIOS (KOHA)
Fuente del sistema de clasificación o colocación Clasificación Decimal Dewey
Tipo de ítem Koha Libros
Parte de la signatura que corresponde a la clasificación (Parte de la clasificación) 700
Parte de la signatura que identifica el ejemplar (Parte del ítem) R763p
Suprimir en OPAC No

No items available.